| 000 | 00684nam a2200229 u 4500 | ||
|---|---|---|---|
| 005 | 20240228064039.0 | ||
| 008 | 120731s2004 es r 000 0 spa d | ||
| 020 | _a8493244244 | ||
| 035 | _aUPN01000185763 | ||
| 049 | _aI | ||
| 050 | 4 |
_aND259 K3 _bL3.3 |
|
| 100 | 1 | _aLaidlaw, Jill A. | |
| 245 | 1 | 0 |
_aFrida Kahlo / _cJill A. Laidlaw ; tr. Miguel Ibarren Berrade. |
| 260 |
_aBarcelona, Esp. : _bBlume, _c2004. |
||
| 300 |
_a46 p. : _bil. col. |
||
| 440 | 4 | _aLos artistas en su mundo | |
| 600 | 1 | 4 |
_aKAHLO, FRIDA, _d1910-1954 _91342 |
| 650 | 7 |
_aPintores mexicanos _vBiografía _2 _91344 |
|
| 650 | 4 |
_aLibros y lectura para niños _92290 |
|
| 905 | _aInfantil | ||
| 999 |
_c157866 _d157866 |
||